00612 2200229 4500001002100000005001500021035002000036245006900056100001900125250000600144300003500150700001600185260004900201082000800250084001400258020002200272650002000294990001700314990001700331990001700348990001700365INLIS00000000000104920190426115304 a0010-04190000581 aSaat Liburan Yang Kunanti /cMaya Rohmayati; Editor, Sri Lestari0 aMaya Rohmayati a- aiv, 60 hlm. :bilus. ;c25 cm.0 aSri Lestari aBandung :bPT Sarana Panca Karya Nusa,c2009 a813 a813 MAY s a978-979-678-350-2 aFiksi Indonesia a03845/P/2018 a03846/P/2018 a03847/P/2018 a03848/P/2018